000 00372nam a2200121Ia 4500
003 GCL
008 140319s9999 xx 000 0 ara d
040 _aGCL /
_cGCL
082 0 4 _a515
_bل ن
245 1 0 _aالنهايات والاتصال فى حساب التفاضل والتكامل
260 _a[S.N] :
_bالدار الدولية للنشر والتوزيع
490 _a
999 _c30160
_d30160